The Faculty of Party Wall Surveyors (Record no. 120924)

MARC details
000 -LEADER
fixed length control field 00747cai a22002055a 4500
001 - CONTROL NUMBER
control field L153644
008 - FIXED-LENGTH DATA ELEMENTS--GENERAL INFORMATION
fixed length control field 110812n2011 xxkzx p 0 a0eng u
035 ## - SYSTEM CONTROL NUMBER
System control number (Sirsi) u153644
041 0# - LANGUAGE CODE
Language code of text/sound track or separate title eng
110 2# - MAIN ENTRY--CORPORATE NAME
Corporate name or jurisdiction name as entry element Faculty of Party Wall Surveyors
9 (RLIN) 5255
245 04 - TITLE STATEMENT
Title The Faculty of Party Wall Surveyors
Medium [electronic resource]
260 ## - PUBLICATION, DISTRIBUTION, ETC.
Place of publication, distribution, etc. Rye
Name of publisher, distributor, etc. Faculty of Party Wall Surveyors
Date of publication, distribution, etc. 2011
520 ## - SUMMARY, ETC.
Summary, etc. Deals with matters arising out of the Party Wall etc. Act 1996.
590 ## - LOCAL NOTE (RLIN)
Local note KA
651 #4 - SUBJECT ADDED ENTRY--GEOGRAPHIC NAME
Geographic name England and Wales 1543-
690 ## - LOCAL SUBJECT ADDED ENTRY--TOPICAL TERM (OCLC, RLIN)
Topical term or geographic name as entry element Boundary disputes
9 (RLIN) 6221
690 ## - LOCAL SUBJECT ADDED ENTRY--TOPICAL TERM (OCLC, RLIN)
Topical term or geographic name as entry element PROPERTY-PROPERTY MANAGEMENT-EASEMENTS-PARTY WALL SURVEYING-PARTY WALLS
856 40 - ELECTRONIC LOCATION AND ACCESS
Uniform Resource Identifier <a href="https://www.fpws.org.uk/">https://www.fpws.org.uk/</a>
Public note View this item free of charge at www.fpws.org.uk
942 ## - ADDED ENTRY ELEMENTS (KOHA)
Suppress in OPAC 0
Holdings
Withdrawn status Lost status Source of classification or shelving scheme Damaged status Not for loan Home library Current library Shelving location Date acquired Total Checkouts Full call number Barcode Date last seen Copy number Price effective from Koha item type
    Dewey Decimal Classification     Virtual Virtual Online 12/08/2011   WEB-SITE 153644-2001 06/08/2019 1 06/08/2019 Online material